| 000 | 00614nam a2200229Ia 4500 | ||
|---|---|---|---|
| 001 | 21671 | ||
| 003 | DO-CoUTE | ||
| 005 | 20260204212549.0 | ||
| 008 | 220104s9999 dr 000 0 spa d | ||
| 020 | _a958-04-5421-3 | ||
| 040 |
_aDO-CoUTE _bspa _cDO-CoUTE |
||
| 041 | 0 | _aspa | |
| 082 | _a330.9 K94v (CRF) | ||
| 100 | 1 | _aKrugman.Paul R. | |
| 245 | 1 | 0 | _aDe vuelta a la economia de la gran depresion / Paul R. Krugman |
| 260 | _aBogota,Colombia : Norma S.A | ||
| 300 | _a257 páginas | ||
| 650 | 4 | _aEconomia | |
| 942 |
_2ddc _cBK |
||
| 999 |
_c20582 _d20582 |
||